[Event "Rome Elo op 2nd"]
[Site "Rome"]
[Date "2009.02.18"]
[Round "6"]
[White "Lorenzi, Bruno"]
[Black "Belli, Alessandro"]
[Result "1-0"]
[WhiteElo "1700"]
[BlackElo "1517"]
[PlyCount "89"]
[EventDate "2009.01.14"]
[EventType "swiss"]
[EventRounds "7"]
[EventCountry "ITA"]
[SourceTitle "EXT 2011"]
[Source "ChessBase"]
[SourceDate "2010.11.26"]
[SourceVersion "1"]
[SourceVersionDate "2010.11.26"]
[SourceQuality "1"]

1. e4 c6 2. d4 d5 3. e5 Bf5 4. Nf3 e6 5. Be2 Nd7 6. 0-0 Ne7 7. b3 c5 8. Bb2 Nc6 9. c3 Qb6 10. Nbd2 cxd4 11. Nxd4 Bg6 12. Nxc6 bxc6 13. c4 d4 14. Nf3 c5 15. Bd3 Be7 16. Re1 a5 17. Bc1 h6 18. Bxg6 fxg6 19. Qd3 Nf8 20. Bd2 Qb7 21. Rab1 Kf7 22. h3 Nd7 23. Nh2 Qc7 24. Qf3+ Nf6 25. exf6 gxf6 26. Qe4 e5 27. f4 Bd6 28. fxe5 Bxe5 29. Nf3 Rhe8 30. Qd5+ Kg7 31. Nxe5 fxe5 32. Qe4 Re6 33. Rf1 Rae8 34. Rf3 Rd8 35. Rbf1 Rd7 36. Qa8 Qd8 37. Rf7+ Rxf7 38. Rxf7+ Kxf7 39. Qxd8 e4 40. Bxh6 Re8 41. Qc7+ Ke6 42. Qc6+ Kf7 43. Qd5+ Re6 44. Qxc5 e3 45. Qf8# 1-0